Reglamentación vigente de las escuelas sociales y seminarios de estudios / (Record no. 125836)

MARC details
000 -LEADER
campo de control de longitud fija 00651nam a2200181 4500
001 - NÚMERO DE CONTROL
campo de control 125836
003 - IDENTIFICADOR DE NÚMERO DE CONTROL
campo de control ES-MaACL
005 - FECHA Y HORA DE LA ÚLTIMA TRANSACCIÓN
campo de control 20230906192716.0
007 - CAMPO FIJO DE DESCRIPCIÓN FÍSICA--INFORMACIÓN GENERAL
campo de control de longitud fija t|
008 - DATOS DE LONGITUD FIJA--INFORMACIÓN GENERAL
campo de control de longitud fija 070214s1944 sp r ||||1| spa d
110 2# - ENTRADA PRINCIPAL--NOMBRE DE ENTIDAD CORPORATIVA
Nombre de entidad corporativa o nombre de jurisdicción como elemento de entrada Escuela Social de Madrid.
9 (RLIN) 3593
245 10 - MENCIÓN DEL TÍTULO
Título Reglamentación vigente de las escuelas sociales y seminarios de estudios /
Mención de responsabilidad, etc. Escuela Social de Madrid.
260 ## - PUBLICACIÓN, DISTRIBUCIÓN, ETC.
Lugar de publicación, distribución, etc. Madrid :
Nombre del editor, distribuidor, etc. [Escuela Social de Madrid],
Fecha de publicación, distribución, etc. 1944 (
Fabricante Gráf. Barragán)
300 ## - DESCRIPCIÓN FÍSICA
Extensión 21 p. ;
Dimensiones 15 cm.
594 ## - Nota al título y mención de responsabilidad
Nota al título y mención de responsabilidad Precede al tít.: Ministerio de Trabajo. Escuela Social de Madrid.
650 #4 - PUNTO DE ACCESO ADICIONAL DE MATERIA--TÉRMINO DE MATERIA
Término de materia o nombre geográfico como elemento de entrada Graduados sociales-
Subdivisión geográfica España.
9 (RLIN) 173588
852 ## - LOCALIZACIÓN
Ubicación ES-MaACL
Número de control de estantería 1837-F-15
Holdings
Estatus retirado Estado de pérdida Estado de daño No para préstamo Colección Biblioteca de origen Biblioteca actual Ubicación en estantería Fecha de adquisición Fuente de adquisición Total de préstamos Signatura topográfica completa Código de barras Visto por última vez Precio de reemplazo Tipo de ítem Koha
        Colección de folletos Biblioteca del Ateneo de Madrid Biblioteca del Ateneo de Madrid Depósito folletos 17/01/2008     1837-F-15 1131082 23/02/2023 23/02/2023 Folleto